000 00462nam a2200193Ia 4500
003 GCL
008 140319s9999 xx 000 0 eng d
040 _aGCL /
_cGCL
082 0 4 _a747.5
_bW M
100 1 _aWORD LOCK
245 1 0 _aMAKING STYLISH SOFT FURNISHING /
_cWORD LOCK
260 _a[S.N] :
_bWORD LOCK ،
_c1994
300 _a96
650 0 4 _aDESIGN
650 0 4 _aDECORATION
650 0 4 _aFURNITURE
650 0 4 _aHOME FURNITURE
942 _2ddc
_cBK
999 _c20671
_d20671